000 00467nam a2200181Ia 4500
001 406
005 20260306140515.0
008 260306t1983||||xx |||||||||||||| ||spa||
041 _aESP
082 _a110
_bM26
100 _aMaritain, Jacques, 1882-1973
_eAUT
245 0 _aDe Bergson a Santo Tómas de Aquino :
_bensayos de metafísica y moral
260 _c1983
300 _a251 páginas :
_c20 cm.
650 _aGEN
654 _aCHU
942 _cLIB
_dJUS
_fJUS
_2ddc
_n
999 _c406
_d406